| 000 | 00643nam a2200241Ia 4500 | ||
|---|---|---|---|
| 005 | 20250508165150.0 | ||
| 008 | 008 250505s9999 xx 000 0 eng d | ||
| 020 | _a0-7817-000X-7 | ||
| 037 | _aTextual | ||
| 040 |
_aFEDL _beng _cFEDL |
||
| 041 |
_aeng _2eng |
||
| 084 |
_a330.954, MIS _qFEDL |
||
| 100 | _aMisra S K | ||
| 245 | 0 | _aIndian economy : Its development experience | |
| 250 | _a19 | ||
| 260 |
_aMumbai, India _bHimalaya Publishing House _c2001 |
||
| 300 | _a955p. | ||
| 365 |
_aINR _b275 |
||
| 546 | _aRSPEE | ||
| 700 |
_a Puri V K _9780050 |
||
| 942 |
_cTEXL _h330.954, MIS |
||
| 999 |
_c1393538 _d1393538 |
||